000 00858cam a2200265 i 4500
999 _c22422
_d22422
001 21434332
003 OSt
005 20220610091654.0
008 200108s2019 pe 000 1 spa
010 _a 2020492392
020 _a9786124416071
035 _a(PE-LiEIC)it201600017355
040 _cBiblioteca Municipal de Cusco
082 _a869.56/R52C
_bR52C
100 _aRibeyro, Julio Ramón
_d1929-1994
_948121
245 _aCrónica de San Gabriel /
_cJulio Ramón Ribeyro ; prólogo de Marco García Falcón
250 _a3a ed., 1a reimpr.
264 _aLima :
_bPesopluma,
_c2020.
300 _a246, [1] páginas. :
_c21 cm.
490 _aCrisálida. Novela ;
_v1
650 _aNovelas peruanas
_ySiglo XX
_947961
700 _aGarcía Falcón, Marco
_d1970-
_eprologuista
_948122
830 _aCrisálida. Novela
_948123
942 _2ddc
_cLIBROS